[Event "Redbus KO"]
[Site "Southend ENG"]
[Date "2001.04.13"]
[Round "1.1"]
[White "Flear,G"]
[Black "Chandler,M"]
[Result "1/2-1/2"]
[WhiteElo "2476"]
[BlackElo "2529"]
[EventDate "2001.04.13"]

1. d4 Nf6 2. c4 e6 3. Nf3 b6 4. e3 Bb7 5. Bd3 d5 6. O-O Bd6 7. b3 O-O 8.
Nc3 Nbd7 9. Bb2 a6 10. Rc1 Qe7 11. Bb1 Rad8 12. cxd5 exd5 13. Qc2 Rfe8 14.
Qf5 g6 15. Qg5 Ne4 16. Qxe7 Rxe7 17. Rfd1 Nxc3 18. Rxc3 f6 19. Bd3 Nf8 20.
Bf1 Ne6 21. g3 Kf7 22. Rc2 Red7 23. Bg2 Bf8 24. h4 h5 25. Ne1 Bd6 26. Nd3
Re7 27. Nc1 Red7 28. Ne2 Re8 29. Nc3 Bf8 30. Nb1 Red8 31. Ba3 Bxa3 32. Nxa3
c5 33. dxc5 bxc5 34. Rcd2 Ke7 35. Nb1 d4 36. Na3 Bxg2 37. Kxg2 dxe3 38.
Rxd7+ Rxd7 39. Rxd7+ Kxd7 40. fxe3 Nc7 41. Nc4 Ke6 42. Kf3 Nd5 1/2-1/2

[Event "Redbus KO"]
[Site "Southend ENG"]
[Date "2001.04.13"]
[Round "1.1"]
[White "Lalic,B"]
[Black "Conquest,S"]
[Result "1-0"]
[WhiteElo "2501"]
[BlackElo "2563"]
[EventDate "2001.04.13"]

1. d4 d5 2. c4 c6 3. Nf3 e6 4. Nc3 dxc4 5. e3 b5 6. a4 Bb4 7. Bd2 a5 8.
axb5 Bxc3 9. Bxc3 cxb5 10. b3 Bb7 11. bxc4 b4 12. Bb2 Nf6 13. Bd3 Nbd7 14.
O-O O-O 15. Re1 Ne4 16. Nd2 Nxd2 17. Qxd2 e5 18. f4 e4 19. Be2 f6 20. Rec1
Kh8 21. c5 Nb8 22. Bb5 Bd5 23. c6 Na6 24. Bxa6 Rxa6 25. c7 Qa8 26. Rc5 Rc8
27. Qe2 Bg8 28. Qb5 Ra7 29. Rac1 a4 30. Qxb4 a3 31. Ba1 Rb7 32. Qd2 Qa7 33.
Qc2 a2 34. Kf2 h6 35. d5 Bxd5 36. Bd4 Bg8 37. Rc6 Qa5 38. Rxf6 Bd5 39.
Rxh6+ Kg8 40. Rg6 Rcxc7 41. Rxg7+ Rxg7 42. Qc8+ Kh7 43. Qh3+ Kg8 44. Rc8+
Kf7 45. Qf5+ Ke7 46. Qf8+ 1-0

[Event "Redbus KO"]
[Site "Southend ENG"]
[Date "2001.04.13"]
[Round "1.1"]
[White "Plaskett,J"]
[Black "Emms,J"]
[Result "0-1"]
[WhiteElo "2461"]
[BlackElo "2514"]
[EventDate "2001.04.13"]

1. e4 c5 2. Nc3 Nc6 3. Bb5 Nd4 4. Nf3 e6 5. O-O a6 6. Bd3 Nc6 7. Be2 Nf6 8.
d4 cxd4 9. Nxd4 Qc7 10. Be3 Be7 11. f4 d6 12. Kh1 O-O 13. Qe1 Nxd4 14. Bxd4
b5 15. e5 dxe5 16. fxe5 Nd7 17. Ne4 Bb7 18. Nf6+ Nxf6 19. exf6 Bxf6 20.
Rxf6 Rfd8 21. c3 Rxd4 22. Rxf7 Qxf7 23. cxd4 Rf8 24. Bg4 Bd5 25. a4 h5 26.
Be2 Qf2 27. Qxf2 Rxf2 28. Bf3 Bxf3 29. gxf3 Rxb2 30. axb5 axb5 31. Re1 Kf7
0-1

[Event "Redbus KO"]
[Site "Southend ENG"]
[Date "2001.04.13"]
[Round "1.1"]
[White "Hodgson,Ju"]
[Black "Rowson,J"]
[Result "1/2-1/2"]
[WhiteElo "2595"]
[BlackElo "2505"]
[EventDate "2001.04.13"]

1. d4 Nf6 2. Bg5 e6 3. e4 h6 4. Bxf6 Qxf6 5. c3 d5 6. e5 Qd8 7. Nf3 c5 8.
dxc5 Bxc5 9. Bd3 Qb6 10. Qe2 Nc6 11. O-O Bd7 12. b4 Be7 13. Nbd2 Rc8 14. a3
g5 15. Nb3 a5 16. Rac1 a4 17. Na1 g4 18. Nd2 Bg5 19. Rc2 Rg8 20. Kh1 Bf4
21. g3 Bxd2 22. Rxd2 Rg5 23. h4 gxh3 24. Nc2 Rxe5 25. Qg4 Rg5 26. Qh4 Rg8
27. Re1 Qd8 28. Qxh3 Qf6 29. c4 Ne5 30. Ne3 d4 31. Nf5 Bc6+ 32. Be4 exf5
33. Bxc6+ Kf8 34. Bxb7 1/2-1/2

[Event "Redbus KO"]
[Site "Southend ENG"]
[Date "2001.04.13"]
[Round "1.1"]
[White "Summerscale,A"]
[Black "Levitt,J"]
[Result "1/2-1/2"]
[WhiteElo "2506"]
[BlackElo "2438"]
[EventDate "2001.04.13"]

1. d4 Nf6 2. Bg5 e6 3. e4 h6 4. Bxf6 Qxf6 5. c3 d6 6. Bd3 e5 7. Ne2 g6 8.
O-O Qe7 9. f4 Bg7 10. dxe5 dxe5 11. f5 O-O 12. Ng3 Nd7 13. Nd2 Nf6 14. Qe2
h5 15. Nf3 Bh6 16. h3 Bd7 17. Kh1 Kh8 18. Rae1 Rg8 19. fxg6 fxg6 20. Qf2
Rgf8 21. Ne2 Rae8 1/2-1/2

[Event "Redbus KO"]
[Site "Southend ENG"]
[Date "2001.04.13"]
[Round "1.2"]
[White "Adams,Mi"]
[Black "Ward,C"]
[Result "1-0"]
[WhiteElo "2750"]
[BlackElo "2505"]
[EventDate "2001.04.13"]

1. e4 c5 2. Nc3 Nc6 3. g3 g6 4. Bg2 Bg7 5. d3 d6 6. Be3 e6 7. Qd2 Nge7 8.
Bh6 O-O 9. h4 Bxh6 10. Qxh6 f6 11. Qd2 e5 12. h5 g5 13. h6 Be6 14. f4 gxf4
15. gxf4 Kh8 16. Nd5 Bxd5 17. exd5 Nb4 18. a3 Nbxd5 19. Bxd5 Nxd5 20. Qg2
Qe7 21. Qxd5 exf4+ 22. Qe4 Qxe4+ 23. dxe4 Rae8 24. O-O-O Rxe4 25. Nf3 Re6
26. Rh4 f5 27. Rdh1 Rg6 28. Rxf4 Rff6 29. Rfh4 Kg8 30. Rh5 Rg4 31. R5h2 Kf7
32. Kd2 Rfg6 33. Rf2 Rg2 34. Ke2 Kf6 35. Kf1 Rxf2+ 36. Kxf2 d5 37. c3 b6
38. Rd1 Ke6 39. Re1+ Kf6 40. Re5 Rxh6 41. Rxd5 Rh1 42. Kg3 Rb1 43. Rd6+ Ke7
44. Rd2 h6 45. Kf4 Ke6 46. Rh2 Kd5 47. c4+ Kc6 48. Kxf5 Kb7 49. Ke4 1-0

[Event "Redbus KO"]
[Site "Southend ENG"]
[Date "2001.04.13"]
[Round "1.2"]
[White "Chandler,M"]
[Black "Flear,G"]
[Result "1/2-1/2"]
[WhiteElo "2529"]
[BlackElo "2476"]
[EventDate "2001.04.13"]

1. e4 e5 2. Nf3 Nc6 3. Bb5 d6 4. d4 Bd7 5. O-O exd4 6. Bxc6 bxc6 7. Qxd4
Nf6 8. e5 dxe5 9. Nxe5 Bd6 10. Bg5 c5 11. Qe3 Be6 12. Nc3 h6 13. Bxf6 Qxf6
14. f4 O-O 15. Rad1 Rfe8 16. Ne4 Qe7 17. Qc3 Bc8 18. Nxd6 cxd6 19. Nc4 Bg4
20. Rde1 Qd7 21. Qd2 Rxe1 22. Rxe1 Rd8 23. Ne3 Bf5 24. Nd5 Be6 25. c4 Bxd5
26. Qxd5 Re8 27. Rxe8+ Qxe8 28. Kf2 Qa4 29. Qa8+ Kh7 30. Qe4+ Kg8 31. Qa8+
Kh7 32. Qe4+ Kg8 1/2-1/2

[Event "Redbus KO"]
[Site "Southend ENG"]
[Date "2001.04.13"]
[Round "1.2"]
[White "Conquest,S"]
[Black "Lalic,B"]
[Result "0-1"]
[WhiteElo "2563"]
[BlackElo "2501"]
[EventDate "2001.04.13"]

1. g3 e5 2. Bg2 d5 3. c4 dxc4 4. Na3 Bxa3 5. bxa3 Ne7 6. Bb2 Nbc6 7. Qa4
O-O 8. Qxc4 Be6 9. Qc5 Qd6 10. Qxd6 cxd6 11. Nf3 Rac8 12. d3 f6 13. O-O Nd5
14. Rfc1 Nb6 15. Bc3 Kf7 16. Kf1 Ke7 17. Be1 Rc7 18. Nd2 Rfc8 19. Ne4 Na4
20. Bd2 Nd4 21. Rxc7+ Rxc7 22. Bb4 Nb5 23. f4 exf4 24. gxf4 b6 25. Kf2 Rc2
26. Rg1 g6 27. Ke3 a5 28. Be1 d5 29. Ng3 f5 30. Bf3 Rxa2 31. Kf2 Nc5 32.
Kf1 Nd4 33. Bh1 Rxa3 34. e4 fxe4 35. dxe4 Bh3+ 36. Bg2 Rf3+ 37. Bf2 Nd3 38.
Nh1 Bxg2+ 0-1

[Event "Redbus KO"]
[Site "Southend ENG"]
[Date "2001.04.13"]
[Round "1.2"]
[White "Emms,J"]
[Black "Plaskett,J"]
[Result "1/2-1/2"]
[WhiteElo "2514"]
[BlackElo "2461"]
[EventDate "2001.04.13"]

1. e4 c5 2. Nf3 d6 3. d4 cxd4 4. Nxd4 Nf6 5. Nc3 Nc6 6. Bc4 Qb6 7. Nxc6
bxc6 8. O-O e6 9. Qe2 Be7 10. e5 dxe5 11. Qxe5 O-O 12. Na4 Qb7 13. b3 Nd5
14. Bb2 Bf6 15. Qg3 Qe7 16. Bxf6 Qxf6 17. Rad1 Bd7 18. Rfe1 Rfd8 1/2-1/2

[Event "Redbus KO"]
[Site "Southend ENG"]
[Date "2001.04.13"]
[Round "1.2"]
[White "Rowson,J"]
[Black "Hodgson,Ju"]
[Result "0-1"]
[WhiteElo "2505"]
[BlackElo "2595"]
[EventDate "2001.04.13"]

1. e4 d5 2. exd5 Qxd5 3. Nc3 Qa5 4. d4 Nf6 5. Bc4 Bg4 6. f3 Bh5 7. Nge2 Nc6
8. Bd2 O-O-O 9. a3 Nxd4 10. Nxd4 Rxd4 11. Nb5 Qb6 12. Nxd4 Qxd4 13. Qe2
Qxb2 14. O-O e6 15. Qf2 Nd7 16. Be3 Qc3 17. Bb5 c6 18. Bd4 Qxd4 19. Qxd4
Bc5 20. Qxc5 Nxc5 21. Be2 Bg6 22. Rac1 Na4 23. Rfd1 Nc3 24. Rd2 Kc7 25. Bf1
b5 26. Kf2 a5 27. Bd3 c5 28. Bxg6 hxg6 29. Rd3 b4 30. Ra1 Rh5 31. h3 Re5
32. Re1 Rxe1 33. Kxe1 a4 34. axb4 cxb4 35. Kd2 e5 36. h4 a3 37. Kc1 f5 38.
Rd2 e4 39. fxe4 fxe4 40. Rf2 e3 41. Rf1 e2 42. Re1 a2 43. Kb2 Kd6 0-1

[Event "Redbus KO"]
[Site "Southend ENG"]
[Date "2001.04.13"]
[Round "1.2"]
[White "Davies,N"]
[Black "Wells,P"]
[Result "1-0"]
[WhiteElo "2469"]
[BlackElo "2522"]
[EventDate "2001.04.13"]

1. c4 Nf6 2. Nc3 e5 3. Nf3 Nc6 4. g3 Bb4 5. Bg2 O-O 6. O-O e4 7. Ne1 Re8 8.
Nd5 Bd6 9. d3 Nxd5 10. cxd5 exd3 11. Nxd3 Ne5 12. e4 Qf6 13. Kh1 Nxd3 14.
Qxd3 Bc5 15. Be3 Bxe3 16. Qxe3 c6 17. Rfe1 d6 18. dxc6 bxc6 19. b3 Bb7 20.
Kg1 c5 21. Rad1 Rad8 22. Qd2 Qe7 23. Qa5 Ba8 24. Re3 h6 25. Rde1 Qb7 26.
Qd2 Qb6 27. h4 Bb7 28. g4 a5 29. g5 Qb4 30. Qd1 hxg5 31. hxg5 Bc8 32. Bf1
a4 33. Bc4 axb3 34. axb3 Be6 35. Qd3 Bxc4 36. bxc4 Qb2 37. f4 Rd7 38. R3e2
Qb7 39. Qh3 Re6 40. f5 1-0

[Event "Redbus KO"]
[Site "Southend ENG"]
[Date "2001.04.13"]
[Round "1.2"]
[White "Levitt,J"]
[Black "Summerscale,A"]
[Result "1-0"]
[WhiteElo "2438"]
[BlackElo "2506"]
[EventDate "2001.04.13"]

1. d4 Nf6 2. c4 g6 3. Nc3 d5 4. f3 Bg7 5. e4 dxe4 6. fxe4 e5 7. d5 Na6 8.
Qe2 O-O 9. Bg5 h6 10. Bh4 c6 11. Nf3 cxd5 12. cxd5 Bd7 13. h3 Qa5 14. Nd2
Rfc8 15. g4 Rxc3 16. bxc3 Qxc3 17. Rb1 Nc5 18. Bg2 Nd3+ 19. Kf1 Nf4 20. Qe1
Rc8 21. Kg1 Qa5 22. Bf1 Rc2 23. Rh2 Qxa2 24. Rxb7 g5 25. Bg3 Bf8 26. Nf3
Rxh2 1-0

[Event "Redbus KO"]
[Site "Southend ENG"]
[Date "2001.04.14"]
[Round "2.1"]
[White "Adams,Mi"]
[Black "Chandler,M"]
[Result "1-0"]
[WhiteElo "2750"]
[BlackElo "2529"]
[EventDate "2001.04.13"]

1. e4 c5 2. Nf3 Nc6 3. Bb5 g6 4. Bxc6 dxc6 5. d3 Bg7 6. h3 Nf6 7. Nc3 Nd7
8. Be3 e5 9. Qd2 Qe7 10. Bh6 O-O 11. Nh2 Rd8 12. Ng4 Nf8 13. Bxg7 Kxg7 14.
Qh6+ Kg8 15. O-O-O c4 16. dxc4 Bxg4 17. hxg4 Qc5 18. f3 Qxc4 19. Rxd8 Rxd8
20. Qg5 Re8 21. Qe3 Qd4 22. Qxd4 exd4 23. Ne2 Ne6 24. Kd2 Rd8 25. b3 b5 26.
Ra1 c5 27. a4 a6 28. axb5 axb5 29. Ra5 Rb8 30. Kd3 Kg7 31. f4 Rb7 32. f5
Nd8 33. Ra6 Rc7 34. g5 gxf5 35. exf5 Nc6 36. Rb6 Nb4+ 37. Kd2 Nd5 38. Rxb5
Ne3 39. Ng3 Kf8 40. f6 Ke8 41. Ne4 Kd7 42. Kd3 c4+ 43. bxc4 Rxc4 44. Rb7+
Rc7 45. Nc5+ Kc6 46. Rxc7+ Kxc7 47. Ne6+ Kd6 48. Nxd4 Nxg2 49. Ke4 Ne1 50.
c3 Kd7 51. Nf3 Nc2 52. c4 Nb4 53. Kf5 Nc2 54. Ne5+ Ke8 55. Ke4 Nb4 56. c5
Na6 57. c6 Nc7 58. Nc4 Ne6 59. Nd6+ Kf8 60. Kd5 Kg8 61. Ne4 Nc7+ 62. Kd6
Nb5+ 63. Kd7 h5 64. gxh6 Kh7 65. Nd6 1-0

[Event "Redbus KO"]
[Site "Southend ENG"]
[Date "2001.04.14"]
[Round "2.1"]
[White "Davies,N"]
[Black "Hodgson,Ju"]
[Result "1/2-1/2"]
[WhiteElo "2469"]
[BlackElo "2595"]
[EventDate "2001.04.13"]

1. c4 e5 2. g3 Nc6 3. Nc3 Nf6 4. Bg2 Bc5 5. d3 d6 6. Nf3 h6 7. O-O a6 8. e3
O-O 9. h3 Ba7 10. b3 Bf5 11. Kh2 Qd7 12. Bb2 Rae8 13. Qd2 Bh7 14. Rae1 Qf5
15. e4 Qh5 16. Nd5 Nxd5 17. cxd5 Ne7 18. g4 Qg6 19. d4 f6 20. Qb4 h5 21.
Qxb7 Bb6 22. gxh5 Qxh5 23. Qxa6 Ra8 24. Qb5 Rxa2 25. Bc1 exd4 26. Bf4 Qe8
27. Qc4 Ng6 28. Bg3 Ne5 29. Nxe5 fxe5 30. Re2 Qa8 31. f4 exf4 32. Rxf4 Ra1
33. Rxf8+ Qxf8 34. Rf2 Qe8 35. Re2 Qh5 36. Qc2 Bg6 37. Qc4 Kh7 38. Qc2 Qg5
39. Qd2 Qh5 40. Re1 Rxe1 41. Bxe1 Qe5+ 42. Bg3 Qe8 43. Qd3 Qa8 44. Qd1 Qe8
45. Qd3 Qf7 46. Qd2 Qf6 47. h4 Qf7 48. Qd1 Bh5 49. Qd3 Kh8 50. Qd2 Qg6 51.
Qd3 Qg4 52. Kg1 Bc5 53. Kf2 Qd1 54. Bf1 Qc1 55. Be2 Bg6 56. Kg2 Qb2 57. Kf1
Qc1+ 58. Kg2 Kg8 59. h5 Bh7 60. Bf3 Qc3 61. Qb5 Qd2+ 62. Kh3 Kh8 63. Bg4
Qc1 64. Qe8+ Bg8 65. Be6 Qh1+ 66. Bh2 Qf3+ 67. Bg3 1/2-1/2

[Event "Redbus KO"]
[Site "Southend ENG"]
[Date "2001.04.14"]
[Round "2.2"]
[White "Chandler,M"]
[Black "Adams,Mi"]
[Result "1/2-1/2"]
[WhiteElo "2529"]
[BlackElo "2750"]
[EventDate "2001.04.13"]

1. e4 e5 2. Nf3 Nf6 3. Nxe5 d6 4. Nf3 Nxe4 5. d4 d5 6. Bd3 Nc6 7. O-O Be7
8. c4 Nb4 9. Be2 O-O 10. Nc3 Bf5 11. a3 Nxc3 12. bxc3 Nc6 13. Re1 dxc4 14.
Bxc4 Bd6 15. Ng5 Qd7 16. Ra2 Bg6 17. Rae2 Rae8 18. Ne4 Rxe4 19. Rxe4 Bxe4
20. Rxe4 Re8 21. Rxe8+ Qxe8 22. g3 g6 23. a4 Ne7 24. Bg5 Nf5 25. a5 c6 26.
Qb1 Qd7 27. a6 bxa6 28. Bxa6 h6 29. Bd2 c5 30. Bc4 cxd4 31. cxd4 Kh7 32.
Bc3 Bf8 33. Qa2 Nxd4 34. Bxd4 Qxd4 35. Bxf7 Qd7 36. Bg8+ Kg7 37. Be6 Qc7
38. Bd5 Bc5 39. Qb2+ Kh7 40. Kg2 Qg7 41. Qc2 Bb6 42. h4 h5 43. Be4 Qf7 44.
f4 Kg7 45. f5 gxf5 46. Bxf5 Qd5+ 47. Be4 Qc5 48. Qd1 Qd4 49. Qf3 Qe3 50.
Qf5 Qe2+ 51. Kh3 Qg4+ 52. Qxg4+ hxg4+ 53. Kxg4 Bf2 1/2-1/2

[Event "Redbus KO"]
[Site "Southend ENG"]
[Date "2001.04.14"]
[Round "2.2"]
[White "Lalic,B"]
[Black "Emms,J"]
[Result "1-0"]
[WhiteElo "2501"]
[BlackElo "2514"]
[EventDate "2001.04.13"]

1. d4 Nf6 2. c4 e6 3. Nf3 b6 4. g3 Ba6 5. Qa4 Bb7 6. Bg2 c5 7. dxc5 bxc5 8.
O-O Be7 9. Nc3 O-O 10. Bf4 Qb6 11. Rad1 d6 12. Rd2 Rd8 13. Rfd1 Nc6 14.
Bxd6 Bxd6 15. Rxd6 Qxb2 16. Qb5 Qxb5 17. cxb5 Rxd6 18. Rxd6 Nb4 19. Ne5
Bxg2 20. Kxg2 Kf8 21. e4 Ke7 22. Rd2 c4 23. Rd4 Rc8 24. Rxc4 Rxc4 25. Nxc4
a6 26. bxa6 Nxa6 27. f4 Nd7 28. Kf3 f6 29. e5 Nb4 30. Ke3 Nc6 31. exf6+
gxf6 32. a3 f5 33. h3 Kf6 34. Nb5 Nc5 35. Nd4 Ne7 36. Nb6 e5 37. fxe5+ Kxe5
38. a4 Ng6 39. a5 f4+ 40. gxf4+ Nxf4 41. Nc4+ Kd5 42. Kxf4 Kxc4 43. Ke5 h5
44. Ne6 Nd3+ 45. Ke4 Nb4 46. Nf4 Kb5 47. Nxh5 Kxa5 48. h4 Kb6 49. Nf6 Kc7
50. h5 Nc6 51. h6 Nd8 52. h7 Nf7 53. Kf5 Kd6 54. Kg6 Ke6 55. Kg7 Ke7 56.
Ng4 Ke8 57. Ne5 Nh8 58. Ng6 Nf7 59. Kf6 1-0

[Event "Redbus KO"]
[Site "Southend ENG"]
[Date "2001.04.14"]
[Round "2.2"]
[White "Hodgson,Ju"]
[Black "Davies,N"]
[Result "1/2-1/2"]
[WhiteElo "2595"]
[BlackElo "2469"]
[EventDate "2001.04.13"]

1. d4 Nf6 2. Bg5 d5 3. e3 Nbd7 4. c4 Ne4 5. Bh4 c5 6. Nc3 Qa5 7. Qb3 cxd4
8. exd4 e5 9. Nge2 Bb4 10. a3 Bxc3+ 11. Nxc3 Nxc3 12. Qxc3 Qxc3+ 13. bxc3
dxc4 14. Bxc4 1/2-1/2

[Event "Redbus KO"]
[Site "Southend ENG"]
[Date "2001.04.15"]
[Round "3.1"]
[White "Lalic,B"]
[Black "Adams,Mi"]
[Result "1/2-1/2"]
[WhiteElo "2501"]
[BlackElo "2750"]
[EventDate "2001.04.13"]

1. d4 Nf6 2. c4 e6 3. g3 d5 4. Bg2 Bb4+ 5. Bd2 Be7 6. Nf3 O-O 7. O-O c6 8.
Qc2 b6 9. Rd1 Bb7 10. Bf4 Nbd7 11. Nc3 Rc8 12. e4 dxc4 13. Qa4 b5 14. Qxa7
Qb6 15. Qxb6 Nxb6 16. a3 Ra8 17. Rac1 Na4 18. Nxa4 Rxa4 19. Nd2 1/2-1/2

[Event "Redbus KO"]
[Site "Southend ENG"]
[Date "2001.04.15"]
[Round "3.2"]
[White "Adams,Mi"]
[Black "Lalic,B"]
[Result "1-0"]
[WhiteElo "2750"]
[BlackElo "2501"]
[EventDate "2001.04.13"]

1. e4 c5 2. Nf3 e6 3. d4 cxd4 4. Nxd4 a6 5. Bd3 g6 6. c4 Bg7 7. Nb3 Ne7 8.
O-O Nbc6 9. Nc3 d5 10. cxd5 exd5 11. Bg5 h6 12. Bh4 g5 13. Bg3 dxe4 14.
Bxe4 O-O 15. Qc2 Bg4 16. f3 Be6 17. Rad1 Qb6+ 18. Bf2 Qb4 19. Kh1 Bxb3 20.
axb3 Rac8 21. Rd7 Rfd8 22. Rfd1 Rxd7 23. Rxd7 Rd8 24. Rxd8+ Nxd8 25. h4
Ndc6 26. hxg5 hxg5 27. Be3 g4 28. fxg4 Qd6 29. Qe2 Qe6 30. Qc4 Qd7 31. g5
Ne5 32. Qe2 Nf5 33. Bf2 Nd4 34. Qd1 Ng4 35. Bg1 Be5 36. Nd5 f5 37. gxf6
Nxf6 38. Bxd4 Nxe4 39. Bxe5 Qe6 40. Ne7+ Kf7 41. Qf3+ Ke8 42. Qxe4 Qh6+ 43.
Kg1 1-0

[Event "Redbus KO"]
[Site "Southend ENG"]
[Date "2001.04.16"]
[Round "4.1"]
[White "Adams,Mi"]
[Black "Hodgson,Ju"]
[Result "1-0"]
[WhiteElo "2750"]
[BlackElo "2595"]
[EventDate "2001.04.13"]

1. e4 g6 2. d4 Bg7 3. Nc3 d6 4. Be3 a6 5. Qd2 b5 6. h4 h6 7. O-O-O Nd7 8.
f4 h5 9. Nf3 Ngf6 10. Bd3 Nb6 11. f5 gxf5 12. exf5 Nc4 13. Qe1 Nxe3 14.
Qxe3 Bh6 15. Ng5 Bb7 16. Kb1 Rg8 17. Nce4 Bxe4 18. Bxe4 d5 19. Bf3 Qd6 20.
Rde1 Kd7 21. Re2 Ng4 22. Qb3 Bxg5 23. hxg5 c6 24. g6 Raf8 25. gxf7 Rxf7 26.
Re6 Qc7 27. Rxc6 1-0

[Event "Redbus KO"]
[Site "Southend ENG"]
[Date "2001.04.16"]
[Round "4.2"]
[White "Hodgson,Ju"]
[Black "Adams,Mi"]
[Result "0-1"]
[WhiteElo "2595"]
[BlackElo "2750"]
[EventDate "2001.04.13"]

1. c4 Nf6 2. Nc3 e5 3. Nf3 Nc6 4. g3 Bc5 5. Bg2 d6 6. d3 h6 7. O-O a6 8. e3
Ba7 9. b3 O-O 10. h3 Re8 11. Kh2 Rb8 12. Bb2 b5 13. Rc1 Ne7 14. Qc2 bxc4
15. dxc4 Bf5 16. Qe2 Ng6 17. Rfd1 h5 18. Nd2 Nf8 19. Nde4 N8d7 20. Bf3 Qc8
21. Rh1 Nxe4 22. Nxe4 Bg6 23. Nc3 Nf6 24. Nd5 Re6 25. Bg2 Bc5 26. Rhf1 Nxd5
27. cxd5 Re7 28. Rc4 f5 29. Rxc5 dxc5 30. Rc1 Rb5 31. Qd2 Qd8 32. Bf1 Rb6
33. Rxc5 h4 34. gxh4 Qd6 35. Rc1 e4+ 36. Kh1 Bh5 37. Bg2 Rb5 38. Rg1 Rxd5
39. Qc3 Rd1 40. Qc4+ Kh7 41. Bd4 0-1